000 00601nam a2200229Ia 4500
003 OSt
005 20220918193013.0
006 a|||||r|||| 00| 0
007 ta
008 220917b |||||||| |||| 00| 0 eng d
024 _a71,474
037 _cTextual
040 _aARTS
_cARTS
_beng
041 _2eng
_aeng
082 _aR3xM8910aQ:3, M6
100 _aKerr Fergus
_980834
245 0 _aTheology after Wittgenstein
260 _aBasil
_bBlackwell
_c1986
300 _axii, 202p.
_ccm.
942 _hR3xM8910aQ:3, M6
_cTEXL
_2CC
999 _c197547
_d197547